UBT Library

Introduction to genetic analysis / (Record no. 44808)

000 -LEADER
fixed length control field 00642cam a22002294a 4500
001 - CONTROL NUMBER
control field 14590775
005 - DATE AND TIME OF LATEST TRANSACTION
control field 20180313043958.0
008 - FIXED-LENGTH DATA ELEMENTS--GENERAL INFORMATION
fixed length control field 061011s2008 nyua 001 0 eng
010 ## - LIBRARY OF CONGRESS CONTROL NUMBER
LC control number 2006936450
020 ## - INTERNATIONAL STANDARD BOOK NUMBER
International Standard Book Number 9780716768876
020 ## - INTERNATIONAL STANDARD BOOK NUMBER
International Standard Book Number 0716768879
040 ## - CATALOGING SOURCE
Original cataloging agency DLC
Transcribing agency DLC
Modifying agency DLC
041 ## - LANGUAGE CODE
Language code of text/sound track or separate title eng
080 ## - UNIVERSAL DECIMAL CLASSIFICATION NUMBER
Universal Decimal Classification number 576.5 GRI
082 00 - DEWEY DECIMAL CLASSIFICATION NUMBER
Classification number 576.5 GRI
Edition number 22
100 ## - Rafti
Rafti 11
101 ## - Shkurtesa
Shkurtesa BIO
245 00 - TITLE STATEMENT
Title Introduction to genetic analysis /
Statement of responsibility, etc Anthony J.F. Griffiths ... [et al.].
906 ## - LOCAL DATA ELEMENT F, LDF (RLIN)
a 7
b cbc
c orignew
d 2
e epcn
f 20
g y-gencatlg
942 ## - ADDED ENTRY ELEMENTS (KOHA)
Source of classification or shelving scheme
Item type Books
Holdings
Withdrawn status Lost status Source of classification or shelving scheme Damaged status Not for loan Collection code Permanent location Current location Shelving location Date acquired Total Checkouts Full call number Barcode Date last seen Price effective from Koha item type
          Koleksioni i përgjithshem UBT - Lipjan UBT - Lipjan Koleksioni i përgjithshem 03/13/2018   576.5 GRI 002-3002079 03/13/2018 03/13/2018 Books
UBT Library © 2015-2024. All rights reserved University Education for Business and Technology